000 00865nam a2200253 a 4500
001 BRCA_4505
005 20190320204708.0
008 140910m1960----sp-#######---#000-0#spa-#
041 _aspa
044 _asp
050 4 _aZ1029
_b.B37 2 1960
100 1 _aBardón López, Luis
_911407
245 1 0 _aCatálogo por orden alfabético de libros antiguos, raros o curiosos que pone en venta la librería para bibliófilos Luis Bardón López
_cLuis Bardón López.
260 _aMadrid
_bArges
_c1960
300 _a42 p.
_c21 cm.
440 0 _aCatálogo por orden alfabetico de libros antiguos, raros o curiosos
_v42
_911408
500 _aVer también CFG6 (No. 40, 1959).
500 _aCFG7
650 1 4 _aLibros antiguos
_vCatálogos
_zMadrid
_911409
650 1 4 _aLibros raros
_911410
650 1 4 _aLibrerías
_xLibreros
_911411
902 _aGFM
942 _2lcc
_cB
999 _c4211
_d4211